| 000 | 00493nam a22001811a 4500 | ||
|---|---|---|---|
| 001 | 1334 | ||
| 003 | OSt | ||
| 005 | 20260204211729.0 | ||
| 008 | 040119s1991||||sp ||||||b||||||||||spa|| | ||
| 050 | _aRD 617.632 T198e | ||
| 082 | _aRD617.632 T198e | ||
| 100 | _aTaveras García, Hector Darío | ||
| 245 | _aEnfermedad periodontal en la República Dominicana / Hector Dario Tavera García | ||
| 264 | _aSanto Domingo : UASD | ||
| 300 | _a144 p. | ||
| 650 | _a1.PeriodonciaÌ | ||
| 942 |
_2ddc _cBK |
||
| 999 |
_c1334 _d1334 |
||